| 000 | 00687nam a2200217 a 4500 | ||
|---|---|---|---|
| 001 | 000224147 | ||
| 003 | AM-YeHGA | ||
| 005 | 20250618071532.0 | ||
| 008 | 030512s1941 ai a||||r|||||||||0|arm|d | ||
| 040 | _aAM-YeHGA | ||
| 041 | 0 | _aarm | |
| 100 | 1 |
_aՀայրապետյան, Հայրապետ Սարդարի, _d1874-1962 _91697 |
|
| 245 | 1 | 0 |
_aԱյբբենարան / _cՀ. Հայրապետյան, Ա. Մուշեղյան. |
| 250 | _a1-ն հրատ. | ||
| 260 |
_aԵրևան : _bՀայպետհրատ, _c1941. |
||
| 300 |
_a88 էջ : _bնկ. ; _c25 սմ. |
||
| 650 | 1 | 4 |
_aԱյբենարան _vդասագիրք |
| 700 | 1 |
_aՄուշեղյան, Ա. _94765 |
|
| 942 |
_2udc _cBK |
||
| 090 | _c80026 | ||
| 999 |
_c78766 _d78766 |
||